| 000 | 00756nam a2200229 i 4500 | ||
|---|---|---|---|
| 001 | C2-0321493 | ||
| 003 | PPAK | ||
| 005 | 20180728120636.0 | ||
| 008 | 130220s2012 my a|||| ||||| | eng d | ||
| 040 |
_aPPAK _beng _cPPAK _erda |
||
| 082 | 0 | 4 |
_a303.3405 _223 |
| 090 | 0 | 0 |
_a303.3405 _bPER _dKK |
| 245 | 0 | 0 |
_aPerdana Magazine 2011-2012 : _bmaking the public sector more accountable |
| 264 | 1 |
_aSelangor : _bPerdana Leadership Foundation , _c2012 |
|
| 300 |
_a39 pages : _billustrations ; _c29 cm |
||
| 336 |
_2rdacontent _atext |
||
| 337 |
_2rdamedia _aunmediated |
||
| 338 |
_2rdacarrier _avolume |
||
| 650 | 1 | 0 | _aLeadership - Malaysia - Periodicals. ; Yayasan Kepimpinan Perdana - Periodicals. |
| 700 | 0 |
_aZarina Abu Bakar, _eeditor |
|
| 942 |
_ddc _cB |
||
| 999 |
_c121943 _d121943 |
||